000
00316nam a2200109Ia 4500
008
260210s9999 xx 000 0 und d
020
_a
9788997079797
100
_a
DMP
245
0
_a
Living Space Ii: Global Living Space Design Collection With Powerful And Unconstrained Styles (Price
260
_b
DMP
942
_c
BDES
999
_c
14103
_d
14103